| 000 | nam a22 a 4500 | ||
|---|---|---|---|
| 999 |
_c804 _d804 |
||
| 003 | AKMAL | ||
| 005 | 20170505125015.0 | ||
| 008 | 170505s1996 my 00 may d | ||
| 020 |
_a9676901563 (kkt.) : _cRM 12.00 |
||
| 040 | _aAKMAL | ||
| 082 | 0 | 4 | _a297.1 QAR |
| 090 | 0 | 0 |
_a297.1 _bQAR |
| 100 | 1 |
_aQaradawi, Yusuf, _d1926- _91753 |
|
| 245 | 1 | 0 |
_aFatwa antara ketelitian dan kecerobohan / _cYusuf Al-Qardhawi ; penterjemah Ahmad Nuryadi Asmawi |
| 260 |
_aBatu Caves : _bThinker's Library, _c1996 |
||
| 300 |
_a129ms. ; _c23cm. |
||
| 500 | _aTerjemahan dari: Al-fatwa bayna al-indibat al-tasayyub.- Kaherah : Dar al-Sahwah, 1992 | ||
| 650 |
_aFatwas _91754 |
||
| 650 |
_aIslamic law _xSources _91526 |
||
| 700 | 0 |
_aAhmad Nuryadi Asmawi _91755 |
|
| 942 |
_2ddc _cBOOK |
||